| Tag |
First Indicator |
Second Indicator |
Subfields |
| LEADER |
00000cam a2200000 i 4500 |
| 001 |
in00003494571 |
| 005 |
20141202141746.0 |
| 008 |
141029t20142014sa a b 000 0 eng c |
| 010 |
|
|
|a 2014426167
|
| 035 |
|
|
|a (OCoLC)ocn894128812
|
| 040 |
|
|
|a CIN
|b eng
|e rda
|c CIN
|d DLC
|d TXA
|
| 020 |
|
|
|a 9781920590499
|
| 020 |
|
|
|a 1920590498
|
| 035 |
|
|
|a (OCoLC)894128812
|
| 042 |
|
|
|a lccopycat
|a pcc
|
| 043 |
|
|
|a f------
|
| 050 |
0 |
0 |
|a HQ75.16.A35
|b R43 2014
|
| 049 |
|
|
|a TXAM
|
| 245 |
0 |
0 |
|a Reclaiming Afrikan :
|b queer perspectives on sexual and gender identities /
|c curated by Zethu Matebeni.
|
| 264 |
|
1 |
|a Athlone, South Africa :
|b Modjaj Books Pty Ltd,
|c [2014]
|
| 264 |
|
4 |
|c ©2014
|
| 300 |
|
|
|a 75 pages :
|b illustrations (chiefly color) ;
|c 30 cm
|
| 336 |
|
|
|a text
|b txt
|2 rdacontent
|
| 337 |
|
|
|a unmediated
|b n
|2 rdamedia
|
| 338 |
|
|
|a volume
|b nc
|2 rdacarrier
|
| 504 |
|
|
|a Includes bibliographical references.
|
| 505 |
0 |
|
|a Foreword / E. Frances White -- Preface / Zethu Matebeni and Jabu Pereira -- Thebeautifulonesarehere / Kelebogile Ntladi -- Introduction / Jack Halberstam -- The Revolutionist / Milumbe Haimbe -- Resurrecting and Celebrating Area Scatter, a cross-dresser who transgressed gender norms in Eastern Nigeria / Unoma Azuah -- Negotiating Homosexual In/visibility / Jacqueline Marx -- Performing Queer "In Time and Space" : a "politics of the event" / Christopher Ouma and Mphati Mutloane -- The Transgressive Visions of Jabulani Chen Pereira / Kylie Thomas -- In Time and Space / Neo S. Musangi -- How NOT to write about queer South Africa / Zethu Matebeni -- Queering Queer Africa / Stella Nyanzi -- Negotiating Personhood-what it's like being transgender in South Africa / Sibusiso Kheswa.
|
| 650 |
|
0 |
|a Homosexuality
|z Africa.
|
| 650 |
|
0 |
|a Sex role
|z Africa.
|
| 650 |
|
0 |
|a Gender identity
|z Africa.
|
| 650 |
|
0 |
|a Transsexualism
|z Africa.
|
| 650 |
|
0 |
|a Queer theory
|z Africa.
|
| 650 |
|
0 |
|a Homosexuality in art.
|
| 650 |
|
0 |
|a Sex role in art.
|
| 650 |
|
0 |
|a Gender identity in art.
|
| 700 |
1 |
|
|a Matebeni, Zethu,
|e curator.
|
| 994 |
|
|
|a C0
|b TXA
|
| 948 |
|
|
|a cataloged
|b h
|c 2014/12/2
|d c
|e nbehmer
|f 2:17:37 pm
|
| 999 |
f |
f |
|s 9bbf4ca9-8845-3f93-896e-697ec00a9488
|i 7d19b776-1f64-30d4-95ad-bfe7af2b48f0
|t 0
|
| 952 |
f |
f |
|p normal
|a Texas A&M University
|b College Station
|c Sterling C. Evans Library
|d Evans: Library Stacks
|t 0
|e HQ75.16.A35 R43 2014
|h Library of Congress classification
|i unmediated -- volume
|m A14842765340
|
| 998 |
f |
f |
|a HQ75.16.A35 R43 2014
|t 0
|l Evans: Library Stacks
|